National Assembly Library of Thailand

อนุสรณ์งานพระราชทานเพลิงศพ พลตรี ยุทธนา รูปขจร ป.ช.,ป.ม.,ภ.ป.ร.4 : (ระเบียนเลขที่ 107168)

รายละเอียดในรูปแบบ MARC
000 -LEADER
fixed length control field 01889nam a2200229 4500
003 - CONTROL NUMBER IDENTIFIER
control field NALT
005 - DATE AND TIME OF LATEST TRANSACTION
control field 20250918141406.0
008 - FIXED-LENGTH DATA ELEMENTS--GENERAL INFORMATION
fixed length control field 250902b th ||||| |||| 00| 0 tha d
040 ## - CATALOGING SOURCE
Original cataloging agency NALT
090 ## - LOCALLY ASSIGNED LC-TYPE CALL NUMBER (OCLC); LOCAL CALL NUMBER (RLIN)
Classification number (OCLC) (R) ; Classification number, CALL (RLIN) (NR) อศ
Local cutter number (OCLC) ; Book number/undivided call number, CALL (RLIN) ย355อ 2562
245 00 - TITLE STATEMENT
Title อนุสรณ์งานพระราชทานเพลิงศพ พลตรี ยุทธนา รูปขจร ป.ช.,ป.ม.,ภ.ป.ร.4 :
Remainder of title ณ ฌาปนสถานกองทัพอากาศ วัดพระศรีมหาธาตุวรมหาวิหาร แขวงอนุสาวรีย์ เขตบางเขน กรุงเทพมหานคร วันเสาร์ที่ 12 มกราคม 2562.
260 ## - PUBLICATION, DISTRIBUTION, ETC.
Place of publication, distribution, etc. กรุงเทพฯ :
Name of publisher, distributor, etc. สตาร์บูมอินเตอร์พริ้น,
Date of publication, distribution, etc. 2562.
300 ## - PHYSICAL DESCRIPTION
Extent 48 หน้า :
Other physical details ภาพประกอบ ;
Dimensions 20 ซม.
520 ## - SUMMARY, ETC.
Summary, etc. ชีวประวัติของ พลตรี ยุทธนา รูปขจร ป.ช.,ป.ม.,ภ.ป.ร.4 จัดพิมพ์ขึ้นเพื่อเป็นอนุสรณ์งานพระราชทานเพลิงศพ ณ ฌาปนสถานกองทัพอากาศ วัดพระศรีมหาธาตุวรมหาวิหาร แขวงอนุสาวรีย์ เขตบางเขน กรุงเทพมหานคร วันเสาร์ที่ 12 มกราคม 2562.
600 04 - SUBJECT ADDED ENTRY--PERSONAL NAME
Personal name ยุทธนา รูปขจร
General subdivision ชีวประวัติ
9 (RLIN) 66548
942 ## - ADDED ENTRY ELEMENTS (KOHA)
Source of classification or shelving scheme Local Classification
Koha item type Cremation Book
996 ## - STAFF PROCESSING RECORDS (NALT)
Staff name jidapa.t
Staff type ACQSTF
Acquisition or Cataloging date 2025-09-02
996 ## - STAFF PROCESSING RECORDS (NALT)
Staff name varee.k
Staff type LIBSTF
Acquisition or Cataloging date 2025-09-03
996 ## - STAFF PROCESSING RECORDS (NALT)
Staff name jamriang.p
Staff type CATSTF
Acquisition or Cataloging date 2025-09-04
998 ## - STAFF NAME (NALT)
-- 8
-- นายบัณฑิต อุทาวงค์
รายการที่มีในห้องสมุด
Withdrawn status Lost status Source of classification or shelving scheme Damaged status Not for loan Collection code Home library Current library Shelving location Date acquired Total Checkouts Total Renewals Full call number Barcode Date last seen Date last checked out Price effective from Koha item type
    Local Classification     Cremation collection National Assembly Library of Thailand National Assembly Library of Thailand Cremation corner 02/09/2025 1 1 อศ ย355อ 2562 3961215608 30/09/2025 18/09/2025 02/09/2025 Cremation Book
หอสมุดรัฐสภา
สำนักงานเลขาธิการสภาผู้แทนราษฎร เลขที่ 1111 ถนนสามเสน แขวงถนนนครไชยศรี เขตดุสิต กรุงเทพฯ 10300
The Secretariat of the House of Representatives 1111 Samsen Road, Thanon Nakhon Chai Si, Dusit, Bangkok 10300, THAILAND
โทรศัพท์: +66(0) 2242 5900 ต่อ 5714-5 โทรสาร: +66(0) 2242 5990 อีเมล: [email protected]